| 000 | 00540pam a2200181 a 4500 | ||
|---|---|---|---|
| 020 | _a0471615277 (acidfree paper) | ||
| 040 | _cDLC | ||
| 082 | 0 | 0 | _a561 JOH 1993 A058 Or. |
| 100 | 1 | _aGraham, Linda E., | |
| 245 | 1 | 0 | _aOrigin of land plants / |
| 260 |
_aNew York : _bJohn Wiley, _cc1993. |
||
| 300 |
_axvi, 287 p. : _bill. ; _c25 cm. |
||
| 650 | 0 | _aPaleobotany. | |
| 650 | 0 | _aPlants | |
| 856 | 4 | 2 | _uhttp://www.loc.gov/catdir/description/wiley032/93018441.html |
| 856 | 4 | _uhttp://www.loc.gov/catdir/toc/onix02/93018441.html | |
| 942 | _cEK | ||
| 999 |
_c13944 _d13944 |
||